| 000 | 00554nam a2200217Ia 4500 | ||
|---|---|---|---|
| 001 | 264 | ||
| 005 | 20251203123022.0 | ||
| 008 | 251203t1988||||xx |||||||||||||| ||spa|| | ||
| 020 | _a8476620845 | ||
| 041 | _aESP | ||
| 082 |
_a985 _bP13 |
||
| 100 |
_aPacheco Vélez, César, _ceditor |
||
| 245 | 0 |
_aPerú promesa _b |
|
| 260 |
_aLima : _bUniversidad del Pacifico _c1988 |
||
| 300 |
_a354 páginas: _b ilustraciones, cuadros ; _c 31 cm. _e |
||
| 440 |
_a _n _v |
||
| 650 | _aGEH | ||
| 653 | _aPerú, historia | ||
| 654 | _aCTP | ||
| 942 |
_cLIB _dJUS _fMIP _2ddc _n |
||
| 999 |
_c264 _d264 |
||